О назначении Карпа В. Б. доцентом Средне-Азиатского Государственного Университета

Доступно только в Электронных читальных залах Найти на картеНа карте
RUSMARC
00004465nac2a22003133x 450
0010d8f0add-fcac-4b4d-be7a-7743dbdad9fe
00520230630193236.0
100##$a20230605l19291930k y0rusy50 ca
1010#$arus
$auzb
102##$aRU
105##$ay z |||||
1222#$ad19291217
$ad19300112
2001#$aО назначении Карпа В. Б. доцентом Средне-Азиатского Государственного Университета
$j17.12.1929 - 12.01.1930
215##$a5 листов
$d36,8 х 24
251##$cДело
300##$aЗаголовок дела на папке: О назначении Карпа Б. Б. доцентом САГУ
300##$aВ деле обратная нумерация листов
300##$aЛист: 4 - поврежденный
300##$aЧасть текста на узбекском языке
300##$aЧасть текста машинописная и рукописная, часть - напечатана типографским способом
461#0$1001796d4672-8a00-4986-b488-6e42273792cc
$12001
$aЦЕНТРАЛЬНЫЙ ИСПОЛНИТЕЛЬНЫЙ КОМИТЕТ СССР (ЦИК СССР).
$1251
$cФонд
$1852
$gР
$j3316
462#0$10016e6e8ba4-e15f-4ad4-8937-f1e88c150bfe
$12001
$aДела Секретариата Президиума ЦИК Союза ССР. 1929 г.
$vД. 1135
$1251
$cОпись
$1852
$j22
5171#$aО назначении Карпа Б. Б. доцентом САГУ
600#1$aКарп
$bБ. Б.
60101$3RU\NLR\AUTH\880357276
$aСССР
$bЦИК
60102$3RU\NLR\AUTH\889946709
$aТашкентский университет им. В. И. Ленина
801#0$aRU
$bGA_RF
801#1$aRU
$bГлавНИВЦ
$c20230605
$2rusmarc
801#2$aRU
$bПБ им. Б.Н. Ельцина
$c20230630
$gRCR
$2rusmarc
852##$aГА РФ
$j1135
937##$d185904509
$hГАРФ
035##$aRuPRLIB51072177
856##$uhttp://readingroom.main.prlib.ru/item.aspx?id_node=n185904509&mode=full
Формат отображения